000 00335nam a22001217a 4500
003 SGT
082 _a891.4309
_bJ15S
100 _aसरावगी,अलका
245 _aजानकीदास तेजपाल मैंशन
260 _bराजकमल प्रकाशन
_c2015
300 _a183
942 _2ddc
_cBK
999 _c30084
_d30084